000 00290 a2200121 4500
001 46037
082 _a358.4095491 FRI
090 _c29170
_d29170
100 _aFricker J
245 _aBattle for Pakistan; Air War of 1965
260 _aLondon
_bIan Allan
_c1965
300 _a192 p.
942 _aNUST-CAE
_k358.4095491 FRI
999 _c281110
_d281110